Losquien qué : (Record no. 682)
[ view plain ]
| 000 -CABECERA | |
|---|---|
| campo de control de longitud fija | 01759nam a22003134c 4500 |
| 003 - IDENTIFICADOR DE NUMERO DE CONTROL | |
| campo de control | AR-BaSMT |
| 008 - CAMPOS DE LONGITUD FIJA | |
| campo de control de longitud fija | 260512b2026 aga|||br|||| 000 1|spa d |
| 020 ## - ISBN: Indicadores indefinidos | |
| Número ISBN | 9789878014876 |
| 040 ## - FUENTE DE CATALOGACION | |
| Agencia de catalogación original | BSGB |
| Idioma de catalogación | español |
| Agencia que realiza la transcripción | BSGB |
| Convenciones de la descripción | rda |
| 041 1# - CODIGO DE IDIOMA | |
| Código idioma | fre |
| Idioma original | Francés |
| 080 ## - CDU | |
| CDU completo | 82-34 RIV |
| 100 1# - PUNTO DE ACCESO PRINCIPAL | |
| Nombre de persona | Rivelaygue, Laurent |
| Enlace autoridades | 507 |
| 245 14 - MENCION DE TITULO | |
| Título | Losquien qué : |
| Subtítulo | y una caperucita amarilla con bandas reflectantes para que la veamos de noche |
| 246 21 - VARIANTE DE TÍTULO | |
| Título | Les quiquoi et le petit chaperon jaune avec des bandes réfléchissantes pour qu´on la voie dans la nuit |
| 250 ## - MENCION DE EDICION | |
| Mención de edición | Primera edición |
| 264 #1 - PRODUCCIÓN, PUBLICACIÓN, DISTRIBUCIÓN, ETC. | |
| Lugar de publicación, etc. | Buenos aires : |
| Nombre editor. | Siglo XXI Editores , |
| Fecha | 2026 |
| 300 ## - DESCRIPCION FISICA | |
| Extensión | 32 páginas ; |
| Otros detalles físicos | ilustraciones color |
| 336 ## - TIPO DE CONTENIDO | |
| rdacontent | rdacontent |
| texto | texto |
| txt | txt |
| 337 ## - TIPO DE MEDIO | |
| rdamedia | rdamedia |
| sin mediación | sin mediación |
| n | n |
| 338 ## - TIPO DE SOPORTE | |
| rdacarrier | rdacarrier |
| volumen | volumen |
| nc | nc |
| 490 ## - TÍTULO DE LA SERIE | |
| Título de la serie | Siglo para chicos |
| 520 #1 - NOTA DE SUMARIO, RESUMEN, ETC. | |
| Toda la nota | Los Quienqué y una caperucita amarilla con bandas reflectantes para que la veamos de noche<br/><br/>Los Quienqué son Oli, Petunia, Pamela, Mustard, Raúl y Mixo, un grupo de amigos con personalidades muy curiosas… ¡y mucha imaginación!<br/><br/>Petunia tiene que de escribir un cuento para el colegio. Para ayudarla, Oli dibuja un libro del que sale una Caperucita que no es roja sino amarilla. Se llama Clementina, y va a visitar a su abuelita que vive lejos, en el bosque. Los Quienqué deciden acompañarla: ¿Podrán cruzar ese bosque misterioso? ¿Tendrán que cuidarse del lobo feroz? |
| URL, URI, etc. | https://sigloxxieditores.com.ar/libro/los-quienque-y-una-caperucita-amarilla-con-bandas-reflectantes-para-que-la-veamos-de-noche/<br/>12/05/2026 |
| 521 ## - NOTA DE PÚBLICO DESTINATARIO | |
| Nota de audiencia | A partir de 9 años |
| 650 #7 - PUNTO DE ACCESO ADICIONAL DE MATERIA – TÉRMINO TEMÁTICO | |
| Enlace autoridades | 8 |
| Término de materia o nombre geográfico como elemento de entrada | LITERATURA INFANTIL |
| 650 #7 - PUNTO DE ACCESO ADICIONAL DE MATERIA – TÉRMINO TEMÁTICO | |
| Enlace autoridades | 23 |
| Término de materia o nombre geográfico como elemento de entrada | CUENTO |
| 650 #7 - PUNTO DE ACCESO ADICIONAL DE MATERIA – TÉRMINO TEMÁTICO | |
| Enlace autoridades | 22 |
| Término de materia o nombre geográfico como elemento de entrada | HUMOR |
| 942 ## - ELEMENTOS AGREGADOS (KOHA) | |
| CDU | Clasificación Decimal Dewey |
| Tipo de ítem | Libros |
| Disponible | Perdido | Fuente de clasificación | Estado | Ubicación permanente | Locación actual | Estante o sala | Fuente de adquisición | Número de inventario | Total préstamos | Signatura topográfica | Código de barras | Numero de ejemplar | Tipo de item de Koha | Calificador de localización códificado |
|---|---|---|---|---|---|---|---|---|---|---|---|---|---|---|
| Clasificación Decimal Dewey | Biblioteca Susana G. De Batemarco | Biblioteca Susana G. De Batemarco | Verde | Compra Feria del Libro 2026 | 001063 | 82-34 RIV | 001063 | 1 | Libros |
